| 000 | 00479nam a2200169Ia 4500 | ||
|---|---|---|---|
| 005 | 20251020182559.0 | ||
| 008 | 200515s9999 xx 000 0 und d | ||
| 082 | _aSC/331.822/..823/C13/v.1 | ||
| 110 | _aCentro Interamericano de Administración del Trabajo | ||
| 245 | 0 | _aManual de seguridad e higiene ocupacionales para la inspección del trabajo | |
| 260 | _aLima | ||
| 260 | _c1980 | ||
| 300 | _a242 | ||
| 650 | _aSEGURIDAD E HIGIENE | ||
| 650 | _aTRABAJO | ||
| 942 | _cLIB | ||
| 999 |
_c3000 _d3000 |
||